Indovina la nazione che ha tenuto gli europei in base all'anno - Statistics

Statistiche generali
  • Questo quiz è stato fatto 26 volte
  • Il punteggio medio è 4 su 17
Statistiche sulle risposte
Hint Risposta % Corretto
2024 Germania
81%
2020 Europa
52%
1968 Italia
52%
2004 Portogallo
43%
1960 Francia
29%
1996 Inghilterra
29%
1980 Italia
24%
1964 Spagna
24%
2000 Belgio e Paesi Bassi
14%
1984 Francia
14%
2008 Austria e Svizzera
10%
2012 Francia
10%
1988 Germania Ovest
10%
1976 Jugoslavia
10%
1972 Belgio
5%
1992 Svezia
5%
2016 Polonia e Ungheria
0%
Nessun quiz corrispondente trovato
Distribuzione punteggi
Percentuale di utenti per punteggio
Percentile per numero di risposta
I tuoi punteggi nel tempo
Non hai fatto questo quiz